Statistics for All 50k+ Cities in Guatemala with a Map

Click here to take the quiz!

General Stats

  • This quiz has been taken 31 times
  • The average score is 11 of 29

Answers on the Map

Answers color-coded by a green-red scale on the quiz's map according to % correct below.
Loading ...
 

Answer Stats

PopulationCity% Correct
923,392Guatemala City
100%
180,706Quetzaltenango
52%
77,431Mazatenango
52%
212,047Cobán
48%
156,313Escuintla
48%
145,880Jutiapa
48%
96,985Chimaltenango
48%
117,818Huehuetenango
48%
463,019Mixco
43%
60,370Zacapa
43%
90,505Retalhuleu
43%
100,593Puerto Barrios
43%
103,952Totonicapán
43%
159,840Jalapa
43%
111,505Chiquimula
39%
98,176Amatitlán
39%
88,612Sololá
39%
426,316Villa Nueva
39%
78,279Santa Cruz del Quiché
35%
124,680Villa Canales
30%
155,965San Juan Sacatepéquez
30%
65,275Salamá
30%
71,394Chichicastenango
26%
62,095Palín
26%
129,124Petapa
22%
58,877Santa Lucía Cotzumalguapa
22%
104,972Chinautla
17%
67,327San José Pinula
17%
70,982Santa Catarina Pinula
9%

Score Distribution

Percentile by Number Answered

Percent of People with Each Score

Your Score History

You have not taken this quiz